000 00631nam a2200229Ia 4500
003 OSt
005 20221007081809.0
006 a|||||r|||| 00| 0
007 ta
008 221006b |||||||| |||| 00| 0 eng d
024 _a7,887
037 _cTextual
040 _aFLL
_cFLL
_beng
041 _2eng
_aeng
082 _aZ:91OQ7, L0
100 _aHasan Ahmad Au.
_9698068
245 0 _aEarly development of islamic jurisprudence
260 _aPakistan
_bIslamic research institute Pakistan
_c1970
300 _a234p
_ccm.
942 _hZ:91OQ7, L0
_cTEXL
_2CC
999 _c1164305
_d1164305